000 00634nam a2200205Ia 4500
005 20230124112504.0
008 210716s2015 xx 000 0 und d
020 _a9789352132522
040 _cAIMIT LIBRARY
041 _aeng
082 _a005.1322
_21
_bHILJ
100 _aHilfiger, John Jay.
_969678
245 _aGraphing data with r :
_bIntroduction /
_cBy John Jay Hilfiger.
250 _a1st ed.
260 _aNew Delhi :
_bShroff Publishers and Distributors Pvt Ltd ,
_c2015.
300 _axi,317p. ;
_bPB
_c22.5 cm
650 _aR Programming.
_969679
650 _aR Book.
_969688
942 _2ddc
_cBK
_e1st
_k005.1322 HILJ
999 _c195070
_d195070